000
00315nam a2200121Ia 4500
005
20251222154401.0
008
251222s9999||||xx |||||||||||||| ||spa||
020
_a
84-226-0625-9
082
_a
530/M15
100
_a
"Maechtle, Walter"
245
0
_a
La fĂsica ciencia revolucionaria en el mundo actual
942
_c
LIB
999
_c
35293
_d
35293